| 000 | 00675nam a22002177a 4500 | ||
|---|---|---|---|
| 003 | OSt | ||
| 005 | 20220107122821.0 | ||
| 008 | 161014b xxu||||| |||| 00| 0 eng d | ||
| 020 | _a9781783300969 | ||
| 040 | _cIIITMK | ||
| 082 | _a025.524 VAR/E | ||
| 100 |
_aVarnum, Kenneth J. (Ed.) _910814 |
||
| 245 |
_aExploring discovery: _bThe front door to your library's licensed and digitized content _cKenneth J Varnum |
||
| 260 |
_aLondon, _bFacet Publishing, _c2016. |
||
| 300 | _axii, 292p. | ||
| 650 |
_aLIBRARY AND INFORMATION SCIENCE _911021 |
||
| 650 |
_aDIGITIZATION _911022 |
||
| 650 |
_aCUSTOM DISCOVERY SYSTEMS _911023 |
||
| 650 |
_aMETADATA _911024 |
||
| 942 |
_2ddc _cBK |
||
| 999 |
_c5406 _d5406 |
||